Sexualidad, relaciones de género y de generación: perspectivas histórico-culturales en educación /
Guardado en:
| Autor Principal: | |
|---|---|
| Otros Autores: | |
| Formato: | Libro |
| Publicado: |
Buenos Aires :
Noveduc,
2009
|
| Series: | Ensayos y Experiencias ; 74
|
| Materias: | |
| Etiquetas: |
Agregar Etiqueta
Sin Etiquetas, Sea el primero en etiquetar este registro!
|
| LEADER | 01647nam a22002535a 4500 | ||
|---|---|---|---|
| 001 | CEM.cems014685 | ||
| 005 | 20171009154420.0 | ||
| 008 | 130507s2009##################000#0#####d | ||
| 003 | CEMS | ||
| 020 | |a 9789875382510 | ||
| 082 | 0 | 4 | |a 371.76 |
| 100 | 1 | |a Morgade, Graciela | |
| 245 | 1 | 0 | |a Sexualidad, relaciones de género y de generación: perspectivas histórico-culturales en educación / |c Graciela Morgade ... y Otros; compilado Por Alejandro Villa |
| 260 | |a Buenos Aires : |b Noveduc, |c 2009 | ||
| 300 | |a 240 p. | ||
| 490 | 0 | |a Ensayos y Experiencias ; 74 | |
| 505 | 0 | |a Perspectivas teóricas y políticas en la escuela -- Educación, relaciones de género y sexualidad: caminos recorridos, nudos resistentes / Graciela Morgade -- Acerca de una confianza instituyente y la palabra sobre sexualidad en la escuela. Reflexiones sobre la experiencia de educar / María Beatriz Greco -- Cuerpo, relaciones de género y de generación: perspectivas biográficas e histórico-culturales en el campo de la educación / Alejandro Villa -- Investigaciones en escuelas. Discusiones y reflexiones teóricas -- Discurso/s que construyen sexualidades en escuelas medias de la Ciudad de Buenos Aires / Gabriela A. Ramos -- Mujeres y discurso pedagógico en la escuela técnica / Fernanda Graciela León -- Cuerpos y sexualidades en la escuela. Interpelaciones desde la disidencia / Graciela Alonso, Gabriela Herczeg y Ruth Zurbriggen | |
| 653 | |a Suxualidad | ||
| 653 | |a Sociología | ||
| 653 | |a Educación | ||
| 653 | |a Pedagogía | ||
| 653 | |a Cultura | ||
| 700 | 1 | |a Villa, Alejandro ; comp. | |
| 859 | |a CEMS |b BIB. CEMS - 11 de abril |h 371.76 |i M82 |p 27281.16 |t Ej.1 | ||
